On gratitude

Saved in:
Bibliographic Details
Format: Book
Language:English
Tags: Add Tag
No Tags, Be the first to tag this record!
Call Number :

MARC

LEADER 00000nam a2200000 a 4500
001 100994
003 MY-KLNDU
005 20241220035618.0
008 161130 000 0 eng d
020 |a 9781440505942 
039 9 |y 201611301028  |z helmey 
245 1 |a On gratitude 
999 |a vtls000057625  |c 100994  |d 100994